01014cam a2200289 i 450000100060000000300090000600500170001500800410003201500170007302000150009004000280010504100080013304600090014108000080015010000420015824501760020026000600037630000400043638000160047638800140049250400240050665800280053065000110055865000260056970000310059585600980062619157KOSZ 00520200820114017.0000320s1979 pl a |000 0 pol  aPB 1980/2336 a8304003945 aWA NcWA NdKOSZ 005/HR0 apol k1979 a5351 aMikusiński, Jand(1913-1987)eAutor10aO przyrządach optycznych osiowosymetrycznych /cJan Mikusiński, Krystyna Skórnik ; Polska Akademia Nauk, Oddział w Katowicach, Komisja Nauk Matematyczno-Fizycznych. aWrocław :bZakład Narodowy im. Ossolińskich,c1979. a73 s. :bil., tab., wykr. ;c25 cm. aKsiążki a1901-2000 aBibliogr. s. 72-73. aInżynieria i technika 4aOptyka 4aUrządzenia optyczne1 aSkórnik, KrystynaeAutor uhttp://koha.tu.koszalin.pl/cgi-bin/koha/opac-detail.pl?biblionumber=19157yKatalog online BPK